How to render : the fundamentals of light, shadow and reflectivity (Record no. 9519)

000 -LEADER
fixed length control field 00390nam a22001457a 4500
003 - CONTROL NUMBER IDENTIFIER
control field OSt
005 - DATE AND TIME OF LATEST TRANSACTION
control field 20210630133851.0
008 - FIXED-LENGTH DATA ELEMENTS--GENERAL INFORMATION
fixed length control field 210630b ||||| |||| 00| 0 eng d
020 ## - INTERNATIONAL STANDARD BOOK NUMBER
International Standard Book Number 9781933492964
082 ## - DEWEY DECIMAL CLASSIFICATION NUMBER
Classification number 741.2
Item number ROB
100 ## - MAIN ENTRY--PERSONAL NAME
Personal name Robertson, Scott,
Dates associated with a name 1966-
245 ## - TITLE STATEMENT
Title How to render : the fundamentals of light, shadow and reflectivity
260 ## - PUBLICATION, DISTRIBUTION, ETC. (IMPRINT)
Name of publisher, distributor, etc design studio
Date of publication, distribution, etc 2014
942 ## - ADDED ENTRY ELEMENTS (KOHA)
Source of classification or shelving scheme
Holdings
Withdrawn status Lost status Source of classification or shelving scheme Damaged status Koha normalized classification for sorting Not for loan Permanent location Current location Date acquired Total Checkouts Full call number Barcode Date last seen Date last borrowed Price effective from Koha item type
        741_200000000000000_ROB   BMS College of Architecture, Design and Planning BMS College of Architecture, Design and Planning 2021-06-30 1 741.2 ROB AR-UG2201 2022-04-27 2022-04-11 2021-06-30 UG Books
Copyright © 2025, The Librarian, Library and Information Centre, BMSCA D&P, Bengaluru. All Rights Reserved
web counter

Powered by Koha